Statistics for New York Jets 2022 Roster

Click here to take the quiz!

General Stats

  • This quiz has been taken 39 times
  • The average score is 21 of 29

Answer Stats

PositionCollegeAnswer% Correct
QuarterbackBrigham YoungZach Wilson
100%
Wide Receiver 2Ole MissElijah Moore
96%
Running Back 2 North CarolinaMichael Carter
93%
Slot ReceiverMiamiBraxton Berrios
89%
Running Back 1 Iowa StateBreece Hall
89%
Wide Receiver 3 Western MichiganCorey Davis
89%
Wide Receiver 1 Ohio StateGarrett Wilson
89%
Tight EndCentral MichiganTyler Conklin
89%
Left TackleLouisvilleMekhi Becton
85%
Right Defensvie Tackle AlabamaQuinnen Williams
85%
Left Guard USCAlijah Vera-Tucker
78%
Middle Linebacker AlabamaC.J. Mosley
78%
Tight End 2 AuburnC.J. Uzomah
78%
Cornerback 1 CincinnatiAhmad Gardner
74%
Left Defensive End
Auburn
Carl Lawson
70%
Center MissouriConnor McGovern
70%
Cornerback 2 Kansas StateD.J. Reed
67%
Right Tackle Western KentuckyGeorge Fant
67%
Right Guard DukeLaken Tomlinson
67%
Punt/Kick ReturnerMiamiBraxton Berrios
59%
Free Safety PittsburghJordan Whitehead
59%
Strong Side Linebacker Murray StateQuincy Williams
59%
Punter Texas A&MBraden Mann
56%
Right Defensive EndSF AustinJohn Franklin-Myers
56%
Left Defensive TackleLouisvilleSheldon Rankins
56%
Long SnapperDukeThomas Hennessy
48%
KickerMissouri WestGreg Zuerlein
44%
Strong SafetyFlorida StateLamarcus Joyner
44%
Weak Side LinebackerFlorida StateHamsah Nasirildeen
22%

Score Distribution

Percentile by Number Answered

Percent of People with Each Score

Your Score History

You have not taken this quiz